Pays du Monde avec la mauvaise carte - Statistiques

Statistiques générales
  • Ce quiz a été pris 54 fois
  • Le résultat moyen est 126 sur 196
Réponses sur la Carte
Les réponses sont colorées sur une échelle allant du rouge au vert en fonction du pourcentage des utilisateurs qui les ont devinées à leur premier essai. Vous pouvez retrouver ces pourcentages ci-dessous.
 
Statistiques - réponses
Pays % Correct
France
91%
États-Unis
84%
Brésil
80%
Canada
80%
Russie
80%
Algérie
77%
Belgique
75%
Cuba
75%
Espagne
75%
Inde
75%
Royaume-Uni
75%
Allemagne
73%
Argentine
73%
Australie
73%
Italie
73%
Mexique
73%
Nouvelle-Zélande
73%
Paraguay
73%
Venezuela
73%
Arabie Saoudite
70%
Chine
70%
Colombie
70%
Corée du Nord
70%
Corée du Sud
70%
Danemark
70%
Égypte
70%
Fidji
70%
Grèce
70%
Irlande
70%
Norvège
70%
Ouzbékistan
70%
Pakistan
70%
Pologne
70%
Portugal
70%
Suède
70%
Turquie
70%
Ukraine
70%
Uruguay
70%
Afghanistan
68%
Andorre
68%
Autriche
68%
Biélorussie
68%
Chili
68%
Côte d'Ivoire
68%
Croatie
68%
Estonie
68%
Finlande
68%
Irak
68%
Iran
68%
Japon
68%
Kosovo
68%
Maroc
68%
Monaco
68%
Oman
68%
Pays-Bas
68%
Pérou
68%
République Démocratique du Congo
68%
Roumanie
68%
Serbie
68%
Suriname
68%
Tunisie
68%
Viêt Nam
68%
Bolivie
66%
Cambodge
66%
Équateur
66%
Guyana
66%
Islande
66%
Kazakhstan
66%
Kenya
66%
Lettonie
66%
Liechtenstein
66%
Lituanie
66%
Moldavie
66%
Monténégro
66%
Nicaragua
66%
Panama
66%
République Dominicaine
66%
République du Congo
66%
République Tchèque
66%
Slovaquie
66%
Suisse
66%
Syrie
66%
Taïwan
66%
Thaïlande
66%
Yémen
66%
Afrique du Sud
64%
Albanie
64%
Azerbaïdjan
64%
Bahamas
64%
Bosnie-Herzégovine
64%
Bulgarie
64%
Cap-Vert
64%
Chypre
64%
Émirats Arabes Unis
64%
Éthiopie
64%
Géorgie
64%
Guatemala
64%
Hongrie
64%
Israël
64%
Jamaïque
64%
Jordanie
64%
Laos
64%
Libye
64%
Luxembourg
64%
Madagascar
64%
Mali
64%
Malte
64%
Mauritanie
64%
Mongolie
64%
Philippines
64%
Qatar
64%
Saint-Marin
64%
Salvador
64%
Sénégal
64%
Slovénie
64%
Soudan
64%
Soudan du Sud
64%
Tchad
64%
Togo
64%
Turkménistan
64%
Arménie
61%
Bénin
61%
Bhoutan
61%
Birmanie
61%
Botswana
61%
Comores
61%
Costa Rica
61%
Érythrée
61%
Guinée
61%
Guinée-Bissau
61%
Haïti
61%
Honduras
61%
Indonésie
61%
Kirghizistan
61%
Koweït
61%
Lesotho
61%
Liban
61%
Macédoine du Nord
61%
Malaisie
61%
Sainte-Lucie
61%
Singapour
61%
Tadjikistan
61%
Vatican
61%
Zambie
61%
Angola
59%
Bangladesh
59%
Cameroun
59%
Dominique
59%
Grenade
59%
Guinée Équatoriale
59%
Kiribati
59%
Maldives
59%
Maurice
59%
Népal
59%
Niger
59%
Nigeria
59%
Papouasie-Nouvelle-Guinée
59%
République Centrafricaine
59%
Samoa
59%
Somalie
59%
Zimbabwe
59%
Bahreïn
57%
Belize
57%
Burkina Faso
57%
Djibouti
57%
Gabon
57%
Mozambique
57%
Nauru
57%
Ouganda
57%
Palaos
57%
Saint-Vincent-et-les-Grenadines
57%
Sri Lanka
57%
Tanzanie
57%
Tonga
57%
Tuvalu
57%
Barbade
55%
Brunei
55%
Gambie
55%
Îles Marshall
55%
Liberia
55%
Malawi
55%
Namibie
55%
Rwanda
55%
Saint-Christophe- et-Niévès
55%
Seychelles
55%
Trinité-et-Tobago
55%
Vanuatu
55%
Antigua-et-Barbuda
52%
Burundi
52%
Ghana
52%
Sao Tomé-et-Principe
52%
Sierra Leone
52%
Timor Oriental
52%
États Fédérés de Micronésie
50%
Îles Salomon
50%
Eswatini
48%
Aucun quiz correspondant
Distribution des résultats
% des personnes avec chaque résultat
Percentile par nombre de réponses
Votre historique - résultats
Vous n’avez pas pris ce quiz